[Event "2013"]
[Site "?"]
[Date "2013.04.24"]
[Round "4.3"]
[White "Harikrishna, P."]
[Black "Dominguez Perez, Leinier"]
[Result "1/2-1/2"]
[WhiteElo "2705"]
[BlackElo "2723"]
[PlyCount "85"]
[EventDate "2013.??.??"]

1. Nf3 c5 2. e3 g6 3. Be2 Bg7 4. O-O Nf6 5. b3 O-O 6. Bb2 d5 7. c4 Nc6 8. Ne5
Nxe5 9. Bxe5 Be6 10. Nc3 Qd7 11. d3 Rad8 12. Qc1 dxc4 13. dxc4 Bf5 14. Qb2 Qd2
15. Qa3 Ne4 16. Bxg7 Kxg7 17. Nxe4 Bxe4 18. Qxc5 Bxg2 19. Rfe1 Bc6 20. Qxe7
Rfe8 21. Qg5 Qb2 22. Qg3 Rd2 23. Bf3 Bxf3 24. Qxf3 Re6 25. Rad1 Qxa2 26. Rxd2
Qxd2 27. Qd1 Qxd1 28. Rxd1 Rb6 29. Rd3 Kf6 30. Kf1 Ke6 31. Ke2 Rd6 32. Rd4 Rb6
33. Rd3 Ra6 34. Kf3 Rd6 35. Rd4 Rb6 36. Rd3 Rd6 37. Rd4 Ra6 38. Re4+ Kf6 39.
Rf4+ Ke7 40. Re4+ Re6 41. Rd4 Rb6 42. Rd3 Ke6 43. Ke4 {Ke5+} 1/2-1/2